000 01058nam a2200217 a 4500
001 BRCA_8778
005 20190320210415.0
008 040417t1766----sp-#######---#000-0#lat-#
041 _alat
044 _asp
084 _aBE145
_b.S26 1766
245 1 0 _asanctissimi domini nostri Benecdicti Papae XIV
_bConstitutiones selectae, necnon bullae, decreta, epistolae, &c.: correctae, restitutae, ac redintegratae: parachis, confessanis, omnibusque animarum, Pastoribus utiliores ac Necessaria: in quibus Teologiae moralis ac dogmaticae precepta vere perspicua, ex scripturis precipue, ac Sacris Canonibus traduntur.
260 _aMatriti
_bApud Viduam Elizaei Sánchez
_c1766
300 _a[8], 432 p. (t.2)
_c21 x 15.4 cm.
500 _aSe hallara en la Imprenta de la Plazuela de Santa Cathalina de los Donados
500 _aSuperoirum permissu
500 _aEstado físico: presenta encuadernación en pergamino, con lomo desprendido, cintas rotas y presencia del pez de plata
700 1 _aBenedicto XIV
_cPapa
_921877
902 _aCFM
942 _2lcc
_cB
999 _c8429
_d8429